M. Fabij Quintiliani oratoriarum institutionu Lib. XII. Vna cu annotationibus Raphaelis Regii: Georgii Merulae: et Iodoci Badii Ascesii: in deprauationes earudem. Et tabula per alphabeti seriem: ta in cotextu q in scholiis adnotadorum aucta et recognita per uende Ascensiu qui ad codice que Lauretius Vallen. et possedisse: et emedasse magnis argumentis couincitur sexcentos locos restituit

Bibliographic Details
Main Author: Quintilianus, Marcus Fabius, 35/40-zomrel asi 96 (Author)
Other Authors: Regius, Raphael, 1440-1520 (Commentator for written text), Merula, Giorgio, 1430-1494 (Commentator for written text), Bade, Josse, 1462-1535 (Commentator for written text, Printer), Petit, Jean I., 15.-16. storočie (Printer)
Format: Book
Language:Latin
PhysicalDescription:CCLVI, 256 listov 27 cm
Subjects:

MARC

LEADER 00000nam a2200000 4500
001 vtls008863451
003 SK-MaSNL
005 20260301135138.0
008 031216s1516 fr a f 00100dlat
015 |a SNBHFA 
035 |a cpl000124222 
040 |a SNKHF  |b slo  |c SNKHF  |e rda 
041 0 |a lat 
044 |a fr  |c FR 
072 7 |a 808  |x Literárny štýl. Literárna činnosť a technika. Efektívne využívanie jazyka. Spisovateľská činnosť  |2 konspekt 
080 |a 808.5  |2 2011 
080 |a (0.072)  |2 2011 
080 |a (075)  |2 2011 
100 1 |a Quintilianus, Marcus Fabius,  |d 35/40-zomrel asi 96  |4 aut  |9 402854 
245 1 0 |a M. Fabij Quintiliani oratoriarum institutionu Lib. XII.  |b Vna cu annotationibus Raphaelis Regii: Georgii Merulae: et Iodoci Badii Ascesii: in deprauationes earudem. Et tabula per alphabeti seriem: ta in cotextu q in scholiis adnotadorum aucta et recognita per uende Ascensiu qui ad codice que Lauretius Vallen. et possedisse: et emedasse magnis argumentis couincitur sexcentos locos restituit 
246 3 0 |a Oratorium institutionu 
264 3 |a [Parisiis]  |b Vaenundatur cu Gratia et priuilegio: ab eodem Iodoco Badio Ascesio: et Ioane Paruo: Bibliopolis academiae Parrhisiensis. In aedibus Ascensianis  |c ad Idus Ianuarii: M.D.XVI. calculo Romano. (1516) 
300 |a CCLVI, 256 listov  |c 27 cm 
336 |a text  |b txt  |2 rdacontent 
337 |a bez média  |b n  |2 rdamedia 
338 |a zväzok  |b nc  |2 rdacarrier 
500 |a Titulný list v drevorezovom portálovom ráme s ornamentálnou a figurálnou výzdobou s červeno-čiernou tlačou, signet, iniciálky s ornamentálnym a figurálnym pozadím v rámčeku na 4, 6, 7, 10, 11 riadkov, rubriky 
501 |a Príväzok 1.: POLYBIOS. Polybij historici de primo bello Punico ... - [Parisiis] Venundantur ab Ascenio et Joanne Paruo, 1512.  |5 SNK IB 35572/prív.1 
504 |a Tlačené marginálie, register 
510 4 |a Panzer  |c VIII/28/841 
546 |a Latinský text  |b Antikva 
550 |a Rok vydania doplnený z kolofónu 
562 |a Rukopisné poznámky a marginálie v latinčine.  |5 SNK IB 35572 
563 |a Väzba: lepenková.  |5 SNK IB 35572 
650 0 7 |a rétorika  |2 SNKPH  |9 989 
655 7 |a komentáre  |2 SNKPH  |9 70412 
655 7 |a učebnice  |2 SNKPH  |9 22521 
700 1 |a Regius, Raphael,  |d 1440-1520  |4 cwt  |9 490050 
700 1 |a Merula, Giorgio,  |d 1430-1494  |4 cwt  |9 490051 
700 1 |a Bade, Josse,  |d 1462-1535  |4 cwt  |4 prt  |9 72238 
700 1 |a Petit, Jean  |b I.,  |d 15.-16. storočie  |4 prt  |4 pbl  |9 129724 
700 1 |a Valla, Lorenzo,  |d 1407-1457  |4 oth  |9 131111 
752 |a Francúzsko  |d Paríž 
852 |a snk  |b Historické fondy  |p IB 35572 
958 |a ONDV 
958 |a DA 
999 |c 759213  |d 761143 
952 |t Tlače 16. storočia  |a SNK  |b SNK  |c SNK_HF  |y PREZ  |7 0  |p 17A1485775  |o snkIB 35572  |i snkF 381/77  |8 5  |0 0  |1 0  |4 0  |d 2023-04-12  |l 0  |r 2026-02-23 23:59:49  |w 2026-02-23